Top 10 Countries that produce most Wine - Statistics

General Stats
  • This quiz has been taken 190 times
  • The average score is 8 of 10
Answer Stats
Tons Country % Correct
4,796,600 Italy
98%
4,293,466 France
97%
4,607,850 Spain
96%
3,300,000 USA
95%
920,200 Germany
84%
1,186,343 Australia
82%
1,700,000 China
82%
1,498,380 Argentina
81%
1,214,000 Chile
73%
1,146,006 South Africa
59%
No matching quizzes found
Score Distribution
Percent of People with Each Score
Percentile by Number Answered
Your Score History
You have not taken this quiz